| 000 | 00622nam a2200205Ia 4500 | ||
|---|---|---|---|
| 008 | 220216s9999 xx 000 0 und d | ||
| 100 | _aAmbily P.K | ||
| 245 | 0 | _aCloning and expression of hmgr1 gene from Hevea brasiliensis | |
| 260 | _bPLACROSYM XX, 12-15 December 2012, UPASI Tea Research Foundation, Coimbatore, India, Abstracts, p. 48. | ||
| 650 | _aHevea brasiliensis | ||
| 650 | _aHMG-CoA reductase | ||
| 650 | _ahmgr1 gene | ||
| 650 | _aRubber biosynthesis | ||
| 700 | _aAnnamalainathan K | ||
| 700 | _aKrishnakumar R | ||
| 700 | _aSathik M.B.M | ||
| 700 | _aThomas M | ||
| 856 | _uCopy | ||
| 942 | _cJS | ||
| 999 |
_c55779 _d55779 |
||